[Event "27th ECC"]
[Site "Rogaska Slatina SLO"]
[Date "2011.09.26"]
[Round "2.16"]
[White "Pavasovic, Dusko"]
[Black "Bauer, Christian"]
[Result "1/2-1/2"]
[WhiteElo "2561"]
[BlackElo "2631"]
[PlyCount "67"]
[EventDate "2011.09.25"]

1. e4 d5 2. exd5 Qxd5 3. Nc3 Qa5 4. d4 Nf6 5. Bc4 Bg4 6. Nge2 Nc6 7. f3 Bh5 8.
Bd2 O-O-O 9. Nb5 Qb6 10. a4 a5 11. Ra3 Bg6 12. c3 e5 13. Rb3 exd4 14. Nd6+ Bxd6
15. Rxb6 dxc3 16. bxc3 cxb6 17. Nd4 Bc5 18. Be3 Rhe8 19. Kf2 Ne5 20. Bb5 Neg4+
21. fxg4 Ne4+ 22. Kf3 Nxc3 23. Qd2 Rxe3+ 24. Kxe3 Rxd4 25. Qxd4 Nd5+ 26. Kf3
Bxd4 27. Rd1 Be4+ 28. Kxe4 Nc3+ 29. Kxd4 Nxd1 30. h3 Kc7 31. Kd3 Kd6 32. Kd2
Nf2 33. Ke3 Nd1+ 34. Kd2 1/2-1/2